Online katalóg knižníc regiónu Turca

Vyznania (Record no. 22674)

MARC details
000 -LEADER
fixed length control field 01217cam a2200385 a 4500
001 - CONTROL NUMBER
control field 22674
003 - CONTROL NUMBER IDENTIFIER
control field SK-KTurca
005 - DATE AND TIME OF LATEST TRANSACTION
control field 20260415143214.0
008 - FIXED-LENGTH DATA ELEMENTS--GENERAL INFORMATION
fixed length control field 251104s1976 xo grn 000 p slo
015 ## - NATIONAL BIBLIOGRAPHY NUMBER
National bibliography number SNBA1976
020 ## - INTERNATIONAL STANDARD BOOK NUMBER
Qualifying information (viazané)
035 ## - SYSTEM CONTROL NUMBER
System control number SNK000288296
035 ## - SYSTEM CONTROL NUMBER
System control number 563795C5-C699-468B-B853-C451F8D4DC52
035 ## - SYSTEM CONTROL NUMBER
System control number urn:nbn:sk:snk-am00idnm
040 ## - CATALOGING SOURCE
Original cataloging agency SNK
Language of cataloging slo
Transcribing agency SNK
Description conventions AACR2
041 0# - LANGUAGE CODE
Language code of text/sound track or separate title slo
044 ## - COUNTRY OF PUBLISHING/PRODUCING ENTITY CODE
MARC country code xo
ISO country code SK
072 #7 - SUBJECT CATEGORY CODE
Subject category code 821.162.4-1
Subject category code subdivision Slovenská poézia
Source konspekt
080 ## - UNIVERSAL DECIMAL CLASSIFICATION NUMBER
Universal Decimal Classification number 821.162.4-1
Edition identifier 2011
080 ## - UNIVERSAL DECIMAL CLASSIFICATION NUMBER
Universal Decimal Classification number 82‑14
Edition identifier 2011
100 1# - MAIN ENTRY--PERSONAL NAME
Personal name Rázusová-Martáková, Mária,
Dates associated with a name 1905-1964
Relationship aut
245 10 - TITLE STATEMENT
Title Vyznania
Statement of responsibility, etc. Mária Rázusová-Martáková ; [zostavil, edične pripravil, doslov a poznámky napísal Ondrej Sliacky]
250 ## - EDITION STATEMENT
Edition statement 1. vyd.
260 ## - PUBLICATION, DISTRIBUTION, ETC.
Place of publication, distribution, etc. Bratislava
Name of publisher, distributor, etc. Tatran
Date of publication, distribution, etc. 1976
300 ## - PHYSICAL DESCRIPTION
Extent 168 strán
Dimensions 21 cm
366 ## - TRADE AVAILABILITY INFORMATION
Note 4000 kusov
490 1# - SERIES STATEMENT
Series statement Slovenská tvorba
Volume/sequential designation zv. 63
504 ## - BIBLIOGRAPHY, ETC. NOTE
Bibliography, etc. note Obsahuje bibliografické odkazy
655 #7 - INDEX TERM--GENRE/FORM
Genre/form data or focus term slovenská poézia
Source of term SNKPH
655 #7 - INDEX TERM--GENRE/FORM
Genre/form data or focus term lyrická poézia
Source of term SNKPH
700 1# - ADDED ENTRY--PERSONAL NAME
Personal name Sliacky, Ondrej,
Dates associated with a name 1941-
Relationship com
-- edt
-- aft
-- cwt
830 #0 - SERIES ADDED ENTRY--UNIFORM TITLE
Uniform title Slovenská tvorba
942 ## - ADDED ENTRY ELEMENTS (KOHA)
Source of classification or shelving scheme Dewey Decimal Classification
Koha item type Krásna literatúra pre dospelých
Suppress in OPAC No
Holdings
Stav vyradenia Strata Poškodenie Spôsob nadobudnutia Domovská knižnica Aktuálna knižnica Dátum nadobudnutia Total checkouts Čiarový kód exemplára Date last seen Typ exemplára
      Dar Obecná knižnica Horná Štubňa Obecná knižnica Horná Štubňa 15.04.2026   4736202224 15.04.2026 Krásna literatúra pre dospelých
Projekt je podporený Slovenskou asociáciou knižníc
Prevádzkuje Turčianska knižnica Martin 2026